| 000 | 00719nam a2200253Ia 4500 | ||
|---|---|---|---|
| 003 | OSt | ||
| 005 | 20220926011658.0 | ||
| 006 | a|||||r|||| 00| 0 | ||
| 007 | ta | ||
| 008 | 220923b |||||||| |||| 00| 0 eng d | ||
| 037 | _cGeneral Book | ||
| 040 |
_aRTL _cRTL _beng |
||
| 041 |
_2eng _aeng |
||
| 082 | _aY9(Z), L3 | ||
| 100 |
_aBlack Donald _9133625 |
||
| 245 | 0 | _aSocial organization of law | |
| 260 |
_aNew York _bAcademic Press _c1973 |
||
| 300 |
_axi, 405p _ccm. |
||
| 500 | _aBibliography Chapterwise | ||
| 650 |
_aSociology of Law _9230017 |
||
| 700 |
_a Mileski Maureen Ed. _9314698 |
||
| 942 |
_hY9(Z), L3 _cGB _2CC |
||
| 999 |
_c620673 _d620673 |
||